000 00450 a2200145 4500
999 _c3529
_d3529
020 _a0821363751
050 _aHD 87 ECO 2005
100 _aEvenett, Simon J
_eeditor
245 _aEconomic development and multilateral trade cooperation /
_cedited by Simon J Evenett and Bernard M Hoekman
264 _aWashington
_bWorldbank
_c2005
300 _axxi,261p.
500 _aIncludes index
650 _aEconomic development
942 _2lcc
_cBK
_h87
_iECO
_kHD